[Event "XtraCon-Skakligaen"]
[Site "Denmark"]
[Date "2011.03.13"]
[Round "9.2"]
[White "Kristiansen, Jens"]
[Black "Sorensen, Bent"]
[Result "1-0"]
[WhiteElo "2421"]
[BlackElo "2282"]
[PlyCount "49"]
[EventDate "2010.11.06"]
[EventType "team-tourn"]
[EventRounds "9"]
[WhiteTeam "BMS"]
[BlackTeam "Norresundby"]
[WhiteTeamCountry "DEN"]
[BlackTeamCountry "DEN"]

1. e4 e6 2. d3 d5 3. Nd2 Nf6 4. Ngf3 c5 5. g3 Nc6 6. Bg2 Qc7 7. O-O b6 8. Re1
Bb7 9. a3 h6 10. c3 O-O-O 11. Qe2 g5 12. h3 Rg8 13. b4 g4 14. hxg4 Nxg4 15.
bxc5 bxc5 16. exd5 exd5 17. c4 Bg7 18. Rb1 Nd4 19. Qf1 Nc2 20. Re2 Bc6 21. Nb3
dxc4 22. dxc4 Nd4 23. Nbxd4 cxd4 24. Bf4 Qa5 25. Re7 1-0

[Event "XtraCon-Skakligaen"]
[Site "Denmark"]
[Date "2011.03.13"]
[Round "9.3"]
[White "Kolbak, Jens"]
[Black "Brinck Claussen, Bjorn"]
[Result "1/2-1/2"]
[WhiteElo "2295"]
[BlackElo "2262"]
[PlyCount "59"]
[EventDate "2010.11.06"]
[EventType "team-tourn"]
[EventRounds "9"]
[WhiteTeam "Norresundby"]
[BlackTeam "BMS"]
[WhiteTeamCountry "DEN"]
[BlackTeamCountry "DEN"]

1. f4 d5 2. Nf3 g6 3. e3 Bg7 4. Nc3 e6 5. Be2 Ne7 6. O-O b6 7. d4 O-O 8. a4 a5
9. Bd2 Ba6 10. Be1 Nf5 11. Bf2 Bxe2 12. Qxe2 Nc6 13. Rad1 Nb4 14. Ne5 Nd6 15.
e4 dxe4 16. Nxe4 Nd5 17. g3 Nxe4 18. Qxe4 Qe8 19. c4 Nb4 20. b3 f6 21. Nd3 f5
22. Qe2 Nxd3 23. Rxd3 Qd7 24. Rfd1 Rae8 25. Qf3 Rf7 26. h4 h5 27. Kh2 Qd6 28.
Re1 Rd7 29. Red1 Bf6 30. Kh3 1/2-1/2

[Event "XtraCon-Skakligaen"]
[Site "Denmark"]
[Date "2011.03.13"]
[Round "9.4"]
[White "Nielsen, Thomas Bach"]
[Black "Jorgensen, Jorgen"]
[Result "0-1"]
[WhiteElo "2227"]
[BlackElo "2276"]
[PlyCount "107"]
[EventDate "2010.11.06"]
[EventType "team-tourn"]
[EventRounds "9"]
[WhiteTeam "BMS"]
[BlackTeam "Norresundby"]
[WhiteTeamCountry "DEN"]
[BlackTeamCountry "DEN"]

1. d4 f5 2. Bg5 g6 3. h4 Bg7 4. Nc3 h6 5. Bf4 Nf6 6. Nf3 d6 7. e3 Nbd7 8. Bd3
O-O 9. Bc4+ Kh8 10. h5 Nb6 11. Bb3 Nxh5 12. Ne2 Qe8 13. Qd2 e6 14. O-O-O a5 15.
a3 Nxf4 16. Nxf4 e5 17. dxe5 dxe5 18. Nd5 Nxd5 19. Qxd5 Qe7 20. Rd2 Ra6 21. Qb5
c6 22. Qe2 a4 23. Bc4 b5 24. Ba2 Rb6 25. c3 c5 26. Nh4 Kh7 27. g4 fxg4 28. Bb1
e4 29. Qd1 g5 30. Ng2 Bf5 31. Ne1 Rff6 32. Nc2 Rfd6 33. Rd5 Qd7 34. Rxd6 Rxd6
35. Qe2 g3 36. f3 exf3 37. Qxf3 Bg6 38. Qxg3 Qc6 39. Re1 Qd5 40. Qf2 Be5 41. e4
Qc6 42. Ne3 Bf4 43. e5 Rd8 44. Bc2 Re8 45. Kb1 Rxe5 46. Nf5 Qe6 47. Rxe5 Qxe5
48. Ng3 Qd6 49. Ne4 Qc6 50. Qf3 Kg7 51. c4 b4 52. Qe2 bxa3 53. Nxg5 Qh1+ 54.
Ka2 0-1

[Event "XtraCon-Skakligaen"]
[Site "Denmark"]
[Date "2011.03.13"]
[Round "9.5"]
[White "Willumsen, Henrik"]
[Black "Haubro, Sigfred"]
[Result "1/2-1/2"]
[WhiteElo "2173"]
[BlackElo "2190"]
[PlyCount "81"]
[EventDate "2010.11.06"]
[EventType "team-tourn"]
[EventRounds "9"]
[WhiteTeam "Norresundby"]
[BlackTeam "BMS"]
[WhiteTeamCountry "DEN"]
[BlackTeamCountry "DEN"]

1. e4 d5 2. exd5 Qxd5 3. Nc3 Qa5 4. d4 c6 5. Bc4 Nf6 6. Bd2 Qc7 7. h3 Bf5 8.
Nf3 e6 9. O-O Be7 10. Re1 O-O 11. Nh4 Bg6 12. Nxg6 hxg6 13. Qe2 Nbd7 14. a4 Nb6
15. Bd3 Rad8 16. a5 Nbd5 17. Nxd5 Rxd5 18. c4 Rd7 19. Bc3 Rfd8 20. Rad1 Nh5 21.
Bc2 Bf6 22. Qe3 b5 23. axb6 axb6 24. g3 b5 25. b3 Be7 26. Be4 Nf6 27. Bf3 bxc4
28. bxc4 c5 29. d5 exd5 30. cxd5 Bf8 31. Ra1 Rb8 32. Be5 Bd6 33. Qc3 Bxe5 34.
Rxe5 c4 35. Kg2 Rbd8 36. Ra4 Nxd5 37. Rxd5 Rxd5 38. Bxd5 Rxd5 39. Rxc4 Qb7 40.
Qf3 Rb5 41. Qxb7 1/2-1/2

[Event "XtraCon-Skakligaen"]
[Site "Denmark"]
[Date "2011.03.13"]
[Round "9.6"]
[White "Brondt, Nicolai Kvist"]
[Black "Olesen, Poul Erik Norgaard"]
[Result "1-0"]
[WhiteElo "2161"]
[BlackElo "2106"]
[PlyCount "81"]
[EventDate "2010.11.06"]
[EventType "team-tourn"]
[EventRounds "9"]
[WhiteTeam "BMS"]
[BlackTeam "Norresundby"]
[WhiteTeamCountry "DEN"]
[BlackTeamCountry "DEN"]

1. Nf3 Nf6 2. c4 g6 3. Nc3 Bg7 4. g3 O-O 5. Bg2 d6 6. d4 c6 7. O-O Qa5 8. Qc2
Qh5 9. Rd1 Bg4 10. Ne1 Nbd7 11. f3 Bh3 12. e4 Rac8 13. Qf2 Bxg2 14. Kxg2 Qa5
15. Nd3 c5 16. e5 Ne8 17. Nd5 Qd8 18. Bg5 f6 19. exf6 Nexf6 20. Bxf6 Bxf6 21.
Nxf6+ Nxf6 22. d5 Nh5 23. Qe3 Qd7 24. Re1 Rc7 25. a4 Qf5 26. Re2 g5 27. Rae1
Rf7 28. b3 Rc8 29. g4 Qxd3 30. gxh5 Qf5 31. Qe4 Qf6 32. Qg4 Rcf8 33. Re3 h6 34.
Re6 Qxf3+ 35. Qxf3 Rxf3 36. Rg6+ Kh7 37. Rxe7+ R8f7 38. Rxf7+ Rxf7 39. Rxd6 Re7
40. Kf2 g4 41. Rf6 1-0

[Event "XtraCon-Skakligaen"]
[Site "Denmark"]
[Date "2011.03.13"]
[Round "9.7"]
[White "Christiansen, Jens Jorgen"]
[Black "Akdag, Dara Sevkan"]
[Result "0-1"]
[WhiteElo "2136"]
[BlackElo "2174"]
[PlyCount "118"]
[EventDate "2010.11.06"]
[EventType "team-tourn"]
[EventRounds "9"]
[WhiteTeam "Norresundby"]
[BlackTeam "BMS"]
[WhiteTeamCountry "DEN"]
[BlackTeamCountry "DEN"]

1. d4 Nf6 2. Nf3 g6 3. g3 Bg7 4. Bg2 c5 5. d5 d6 6. O-O e6 7. c4 exd5 8. cxd5
O-O 9. Nc3 Re8 10. Re1 Bg4 11. Bf4 a6 12. a4 Bxf3 13. Bxf3 Nbd7 14. Qd2 Ne5 15.
Bg2 Qa5 16. Bxe5 Rxe5 17. Ne4 Qb6 18. Nxf6+ Bxf6 19. a5 Qb5 20. e3 Re7 21. Rab1
c4 22. Rec1 c3 23. bxc3 Qxa5 24. Qd3 Rc8 25. c4 Rc5 26. Bf1 Rec7 27. Qb3 b5 28.
Rc2 Qb6 29. Ra2 Rb7 30. h4 b4 31. Be2 Ra5 32. Bd1 Qc5 33. Rxa5 Qxa5 34. Qa4
Qxa4 35. Bxa4 Kf8 36. Kf1 Bc3 37. Ke2 Rc7 38. Kd3 Rc5 39. Kc2 Rxc4 40. Kb3 Rc5
41. Rd1 a5 42. Bc6 Bf6 43. Rd3 Rc1 44. e4 Bc3 45. f4 Ra1 46. e5 Ke7 47. Re3 a4+
48. Kc4 a3 49. exd6+ Kxd6 50. Re8 Rd1 51. Rd8+ Ke7 52. Rd7+ Kf6 53. Ra7 Rd2 54.
Be8 Kf5 55. Bd7+ Ke4 56. Bc6 Ke3 57. Kb3 f5 58. Ra6 Rb2+ 59. Kc4 a2 0-1

[Event "XtraCon-Skakligaen"]
[Site "Denmark"]
[Date "2011.03.13"]
[Round "9.1"]
[White "Matthiesen, Arne"]
[Black "Bekker Jensen, Simon"]
[Result "1/2-1/2"]
[WhiteElo "2315"]
[BlackElo "2397"]
[PlyCount "34"]
[EventDate "2010.11.06"]
[EventType "team-tourn"]
[EventRounds "9"]
[WhiteTeam "SK1968"]
[BlackTeam "Bronshoj"]
[WhiteTeamCountry "DEN"]
[BlackTeamCountry "DEN"]

1. d4 Nf6 2. Nf3 g6 3. c4 Bg7 4. g3 O-O 5. Bg2 d6 6. O-O c6 7. Nc3 Na6 8. e4 e5
9. h3 Qb6 10. d5 Nc5 11. Qe2 Bd7 12. Be3 cxd5 13. cxd5 Rfc8 14. Rab1 a5 15. Nd2
Ne8 16. Kh2 Qd8 17. Rfc1 Bf6 1/2-1/2

[Event "XtraCon-Skakligaen"]
[Site "Denmark"]
[Date "2011.03.13"]
[Round "9.2"]
[White "Hoi, Carsten"]
[Black "Matthiesen, Martin"]
[Result "1/2-1/2"]
[WhiteElo "2413"]
[BlackElo "2271"]
[PlyCount "38"]
[EventDate "2010.11.06"]
[EventType "team-tourn"]
[EventRounds "9"]
[WhiteTeam "Bronshoj"]
[BlackTeam "SK1968"]
[WhiteTeamCountry "DEN"]
[BlackTeamCountry "DEN"]

1. Nf3 Nf6 2. d4 d5 3. c4 e6 4. Nc3 Be7 5. cxd5 exd5 6. Bg5 c6 7. Qc2 g6 8. e3
Bf5 9. Bd3 Bxd3 10. Qxd3 O-O 11. O-O Nbd7 12. h3 Re8 13. a3 Ne4 14. Bf4 Bd6 15.
Bxd6 Nxd6 16. Rac1 Nb6 17. b3 Qe7 18. a4 a5 19. Ne5 Nd7 1/2-1/2

[Event "XtraCon-Skakligaen"]
[Site "Denmark"]
[Date "2011.03.13"]
[Round "9.4"]
[White "Bromann, Thorbjorn"]
[Black "Bank, Pelle Rodkjaer"]
[Result "1/2-1/2"]
[WhiteElo "2433"]
[BlackElo "2245"]
[PlyCount "82"]
[EventDate "2010.11.06"]
[EventType "team-tourn"]
[EventRounds "9"]
[WhiteTeam "Bronshoj"]
[BlackTeam "SK1968"]
[WhiteTeamCountry "DEN"]
[BlackTeamCountry "DEN"]

1. e4 g6 2. c4 Bg7 3. Nc3 c5 4. Nge2 Nc6 5. d3 d6 6. g3 Nd4 7. Nxd4 cxd4 8. Ne2
e5 9. Bg2 h5 10. h3 h4 11. g4 g5 12. Bd2 Bf6 13. Nc1 Ne7 14. Qa4+ Nc6 15. Bf3
O-O 16. Bd1 Be7 17. O-O Bd7 18. b4 a6 19. Qb3 b5 20. a4 Be6 21. Be2 Rb8 22.
axb5 axb5 23. Na2 bxc4 24. Qa4 cxd3 25. Bxd3 Qb6 26. Rfc1 Nd8 27. Rc2 Nb7 28.
Qc6 Qxc6 29. Rxc6 Rfc8 30. Rxc8+ Rxc8 31. Nc1 Bd8 32. Ra7 Rb8 33. Ba6 Bc8 34.
Bc4 Kg7 35. Nd3 Bb6 36. Ra3 Kf6 37. Nb2 Nd8 38. Bd5 Be6 39. Nc4 Bxd5 40. exd5
Bc7 41. Ra6 e4 1/2-1/2

[Event "XtraCon-Skakligaen"]
[Site "Denmark"]
[Date "2011.03.13"]
[Round "9.5"]
[White "Lindfeldt, Jan Magnus"]
[Black "Bekker Jensen, David"]
[Result "1/2-1/2"]
[WhiteElo "2225"]
[BlackElo "2335"]
[PlyCount "73"]
[EventDate "2010.11.06"]
[EventType "team-tourn"]
[EventRounds "9"]
[WhiteTeam "SK1968"]
[BlackTeam "Bronshoj"]
[WhiteTeamCountry "DEN"]
[BlackTeamCountry "DEN"]

1. e4 c5 2. Nf3 d6 3. c3 Nf6 4. Be2 Nbd7 5. d3 b6 6. O-O Bb7 7. Nbd2 g6 8. d4
cxd4 9. cxd4 Bxe4 10. Nxe4 Nxe4 11. Bb5 Nef6 12. Re1 Bg7 13. Qe2 O-O 14. Qxe7
Ne5 15. Qxd8 Nxf3+ 16. gxf3 Rfxd8 17. Bd2 Ne8 18. Bg5 Nf6 19. Rac1 h6 20. Be3
Rac8 21. Ba6 Rxc1 22. Rxc1 Ne8 23. b4 d5 24. Kf1 Kf8 25. a4 Rd7 26. Rc8 Ke7 27.
Ra8 Nd6 28. Ke2 g5 29. Kd3 f5 30. a5 bxa5 31. bxa5 Nc4 32. Bc8 Rc7 33. Bxf5
Nxa5 34. f4 Kf6 35. Bg4 Nc6 36. fxg5+ hxg5 37. Bd2 1/2-1/2

[Event "XtraCon-Skakligaen"]
[Site "Denmark"]
[Date "2011.03.13"]
[Round "9.7"]
[White "Hansen, Bjarne"]
[Black "Palm, Nikolaj"]
[Result "1/2-1/2"]
[WhiteElo "2238"]
[BlackElo "2275"]
[PlyCount "68"]
[EventDate "2010.11.06"]
[EventType "team-tourn"]
[EventRounds "9"]
[WhiteTeam "SK1968"]
[BlackTeam "Bronshoj"]
[WhiteTeamCountry "DEN"]
[BlackTeamCountry "DEN"]

1. d4 d5 2. Nf3 e6 3. c4 Nf6 4. Nc3 Be7 5. Bg5 O-O 6. e3 b6 7. Bd3 Bb7 8. Bxf6
Bxf6 9. cxd5 exd5 10. Qc2 g6 11. h4 Ba6 12. O-O-O Bxd3 13. Qxd3 Qd6 14. Kb1 Bg7
15. e4 dxe4 16. Nxe4 Qd5 17. h5 Nc6 18. Nc3 Qd7 19. hxg6 hxg6 20. d5 Rad8 21.
Qc4 Qf5+ 22. Ka1 Ne5 23. Nxe5 Qxe5 24. Rh4 Rd7 25. Re4 Qh2 26. Qf1 Rfd8 27. g3
Qh5 28. Rh4 Qf5 29. Qh1 Qf6 30. f4 c6 31. Rh2 c5 32. Qf1 Qf5 33. Qc4 Qg4 34.
Rd3 Qf5 1/2-1/2

[Event "XtraCon-Skakligaen"]
[Site "Denmark"]
[Date "2011.03.13"]
[Round "9.8"]
[White "Petersen, Steen"]
[Black "Larsen, Pelle O"]
[Result "1-0"]
[WhiteElo "2164"]
[BlackElo "2144"]
[PlyCount "119"]
[EventDate "2010.11.06"]
[EventType "team-tourn"]
[EventRounds "9"]
[WhiteTeam "Bronshoj"]
[BlackTeam "SK1968"]
[WhiteTeamCountry "DEN"]
[BlackTeamCountry "DEN"]

1. e4 e6 2. d3 d5 3. Nd2 Nf6 4. Ngf3 Bc5 5. e5 Nfd7 6. d4 Be7 7. Bd3 c5 8. c3
Nc6 9. O-O a5 10. Re1 cxd4 11. cxd4 Qb6 12. Qa4 g5 13. h3 h5 14. g4 Nf8 15. Nf1
Bd7 16. Qb3 Qxb3 17. axb3 hxg4 18. hxg4 Rh3 19. Ng3 Ng6 20. Kg2 Nh4+ 21. Kxh3
Nxf3 22. Rh1 Ncxd4 23. Kg2 Nh4+ 24. Kf1 Ndf3 25. Be2 Nxe5 26. Bd2 Nc6 27. f4 f6
28. Nh5 Ng6 29. Bd3 Nf8 30. Ng3 Bd6 31. Nh5 Be7 32. Bb5 b6 33. Rc1 Nd4 34.
Bxd7+ Kxd7 35. Rh3 Nb5 36. Rd3 Rc8 37. Rxc8 Kxc8 38. f5 d4 39. fxe6 Nxe6 40.
Rf3 Nc5 41. Nxf6 Ne6 42. Rf5 Nbc7 43. Ne4 Kd7 44. Nxg5 Nc5 45. b4 Bxg5 46. Bxg5
axb4 47. Bf6 Ne4 48. Rf4 Nd2+ 49. Ke2 Ne6 50. Rf5 Ne4 51. Bh4 Kd6 52. g5 N6c5
53. g6 d3+ 54. Kd1 Na4 55. Bf6 Nxf6 56. Rxf6+ Ke7 57. Rf4 Nxb2+ 58. Kd2 b5 59.
g7 Nc4+ 60. Rxc4 1-0

[Event "XtraCon-Skakligaen"]
[Site "Denmark"]
[Date "2011.03.13"]
[Round "9.1"]
[White "Rasmussen, Allan Stig"]
[Black "Hector, Jonny"]
[Result "1-0"]
[WhiteElo "2538"]
[BlackElo "2576"]
[PlyCount "93"]
[EventDate "2010.11.06"]
[EventType "team-tourn"]
[EventRounds "9"]
[WhiteTeam "Jetsmark"]
[BlackTeam "Nordkalotten"]
[WhiteTeamCountry "DEN"]
[BlackTeamCountry "DEN"]

1. d4 d5 2. c4 e6 3. Nf3 c6 4. e3 Bd6 5. b3 Nd7 6. Bb2 Qe7 7. Ne5 Bb4+ 8. Nd2
Nxe5 9. dxe5 Nh6 10. a3 Bxd2+ 11. Qxd2 O-O 12. Bd3 dxc4 13. bxc4 c5 14. Qc2 Kh8
15. h4 Bd7 16. Qe2 Bc6 17. e4 Rfd8 18. Rh3 a6 19. a4 b6 20. f4 Qb7 21. g4 Ng8
22. h5 Rd7 23. Bc2 Rad8 24. Bc3 b5 25. Ba5 Re8 26. Rd3 Rxd3 27. Qxd3 Re7 28.
axb5 axb5 29. cxb5 Bxb5 30. Qd8 Bc6 31. Rb1 Qa6 32. Rb8 Re8 33. Qb6 Qc4 34.
Rxe8 Bxe8 35. Kd2 Qd4+ 36. Kc1 Qg1+ 37. Kb2 Qxg4 38. f5 exf5 39. exf5 Bd7 40.
e6 fxe6 41. h6 e5 42. Qc7 Nf6 43. Qd8+ Be8 44. Qe7 Bb5 45. Bc3 Kg8 46. Bxe5
Qb4+ 47. Bb3+ 1-0

[Event "XtraCon-Skakligaen"]
[Site "Denmark"]
[Date "2011.03.13"]
[Round "9.2"]
[White "Pedersen, Daniel V"]
[Black "Pedersen, Christian Kyndel"]
[Result "1/2-1/2"]
[WhiteElo "2296"]
[BlackElo "2435"]
[PlyCount "106"]
[EventDate "2010.11.06"]
[EventType "team-tourn"]
[EventRounds "9"]
[WhiteTeam "Nordkalotten"]
[BlackTeam "Jetsmark"]
[WhiteTeamCountry "DEN"]
[BlackTeamCountry "DEN"]

1. e4 c6 2. d4 d5 3. Nc3 dxe4 4. Nxe4 Bf5 5. Ng3 Bg6 6. h4 h6 7. h5 Bh7 8. Nf3
e6 9. Bd3 Bxd3 10. Qxd3 Nd7 11. Bf4 Qa5+ 12. Bd2 Bb4 13. c3 Be7 14. Qe2 Ngf6
15. Ne5 c5 16. Nxd7 Kxd7 17. dxc5 Qxc5 18. O-O-O Kc8 19. Rh4 b5 20. Ne4 Qc6 21.
Nxf6 gxf6 22. Rd4 Bc5 23. Rd3 Kc7 24. Bf4+ e5 25. Be3 Rad8 26. Qd2 Rxd3 27.
Qxd3 Bxe3+ 28. Qxe3 Kb8 29. f3 b4 30. Rd3 bxc3 31. Rxc3 Qd5 32. Qd3 Qxd3 33.
Rxd3 Kc7 34. Kd2 Rb8 35. b3 Rg8 36. g4 f5 37. Rd5 fxg4 38. fxg4 f6 39. Rc5+ Kd6
40. Ra5 Rxg4 41. Ra6+ Kd5 42. Rxf6 Rg2+ 43. Kc3 Rxa2 44. Rxh6 Rh2 45. Rh7 Ke4
46. Rxa7 Rxh5 47. b4 Kd5 48. Ra5+ Kc6 49. Ra6+ Kb5 50. Ra5+ Kb6 51. Kd3 e4+ 52.
Kxe4 Rxa5 53. bxa5+ Kxa5 1/2-1/2

[Event "XtraCon-Skakligaen"]
[Site "Denmark"]
[Date "2011.03.13"]
[Round "9.4"]
[White "Hove, Esben Kjems"]
[Black "Christensen, Stefan"]
[Result "1/2-1/2"]
[WhiteElo "2258"]
[BlackElo "2262"]
[PlyCount "174"]
[EventDate "2010.11.06"]
[EventType "team-tourn"]
[EventRounds "9"]
[WhiteTeam "Nordkalotten"]
[BlackTeam "Jetsmark"]
[WhiteTeamCountry "DEN"]
[BlackTeamCountry "DEN"]

1. d4 Nf6 2. Bg5 e6 3. Nd2 c5 4. e3 b6 5. Ngf3 Bb7 6. Be2 cxd4 7. exd4 Be7 8.
O-O O-O 9. Re1 d6 10. c3 Nbd7 11. Bd3 Nd5 12. Bxe7 Qxe7 13. c4 Nf4 14. Bf1 d5
15. g3 Ng6 16. Bg2 dxc4 17. Nxc4 Nf6 18. Qa4 Rfd8 19. Nce5 Nxe5 20. dxe5 Nd7
21. Rad1 Nc5 22. Qa3 a5 23. Nd4 Bxg2 24. Kxg2 Qb7+ 25. Qf3 Qxf3+ 26. Kxf3 Na4
27. Rd2 Rd5 28. Nb3 Rxd2 29. Nxd2 Nxb2 30. Rb1 Na4 31. Nc4 Rc8 32. Rd1 h6 33.
Rd4 b5 34. Nxa5 Rc3+ 35. Kg2 Ra3 36. Nc6 Rxa2 37. Rd8+ Kh7 38. Rf8 Rc2 39. Nd4
Rb2 40. Rxf7 Nc5 41. Rc7 Nd3 42. Nxe6 Rxf2+ 43. Kg1 Re2 44. Nxg7 Rxe5 45. Nf5+
Kg6 46. Nh4+ Kf6 47. Nf3 Rc5 48. Rb7 b4 49. g4 Rc1+ 50. Kg2 Rc2+ 51. Kg3 Rc3
52. Rb6+ Ke7 53. Nd4 Nc5+ 54. Kh4 b3 55. Nxb3 Nxb3 56. Rxh6 Nd4 57. Ra6 Nf3+
58. Kg3 Ng5+ 59. Kg2 Nh3 60. Rh6 Nf4+ 61. Kf2 Kf7 62. h4 Kg7 63. Ra6 Ng6 64. h5
Nf4 65. Rd6 Nh3+ 66. Kg2 Nf4+ 67. Kf2 Rh3 68. Ra6 Kf7 69. Ra5 Ne6 70. Rf5+ Kg7
71. Rf3 Rh2+ 72. Kg3 Ra2 73. Kh4 Ra4 74. Rf5 Ra1 75. Re5 Nd4 76. Rd5 Rd1 77.
Rd7+ Kf6 78. g5+ Ke6 79. Ra7 Nf3+ 80. Kg4 Ne5+ 81. Kf4 Rf1+ 82. Ke4 Re1+ 83.
Kf4 Nd3+ 84. Kf3 Kf5 85. g6 Ne5+ 86. Kf2 Nd3+ 87. Kf3 Ne5+ 1/2-1/2

[Event "XtraCon-Skakligaen"]
[Site "Denmark"]
[Date "2011.03.13"]
[Round "9.5"]
[White "Wiwe, Andreas"]
[Black "Kristensen, Kaare Hove"]
[Result "0-1"]
[WhiteElo "2255"]
[BlackElo "2260"]
[PlyCount "60"]
[EventDate "2010.11.06"]
[EventType "team-tourn"]
[EventRounds "9"]
[WhiteTeam "Jetsmark"]
[BlackTeam "Nordkalotten"]
[WhiteTeamCountry "DEN"]
[BlackTeamCountry "DEN"]

1. e4 c5 2. Nf3 d6 3. d4 cxd4 4. Nxd4 Nf6 5. Nc3 g6 6. Be3 Bg7 7. f3 a6 8. Qd2
Nbd7 9. O-O-O b5 10. g4 Bb7 11. Kb1 Rc8 12. h4 h5 13. g5 Nh7 14. Bh3 O-O 15.
Rhe1 Re8 16. Bg1 e6 17. Bh2 Ne5 18. Bxe5 dxe5 19. Nb3 Qb6 20. Qe3 Qc7 21. Rd2
Bf8 22. Red1 Bc6 23. Ne2 a5 24. Nbc1 Bb4 25. c3 Bc5 26. Qd3 Bf2 27. Nd4 exd4
28. Rxf2 Qg3 29. Qf1 dxc3 30. Ne2 Bxe4+ 0-1

[Event "XtraCon-Skakligaen"]
[Site "Denmark"]
[Date "2011.03.13"]
[Round "9.6"]
[White "Jakobsen, Peter"]
[Black "Baekgaard, Martin"]
[Result "1/2-1/2"]
[WhiteElo "2230"]
[BlackElo "2263"]
[PlyCount "113"]
[EventDate "2010.11.06"]
[EventType "team-tourn"]
[EventRounds "9"]
[WhiteTeam "Nordkalotten"]
[BlackTeam "Jetsmark"]
[WhiteTeamCountry "DEN"]
[BlackTeamCountry "DEN"]

1. Nf3 d5 2. c4 e6 3. g3 Nf6 4. Bg2 Be7 5. O-O O-O 6. Qc2 b6 7. cxd5 exd5 8. d4
Bb7 9. Nc3 Nbd7 10. Bf4 c6 11. Rfd1 Re8 12. Rac1 Nf8 13. Ne5 Ne6 14. Qb3 Nxf4
15. gxf4 Qd6 16. e3 Qe6 17. Ne2 Bd6 18. Ng3 h5 19. Qc2 Rac8 20. Nf3 c5 21. Ng5
Qe7 22. Nxh5 Ne4 23. Nxe4 dxe4 24. Qd2 c4 25. Qe2 g6 26. Ng3 Bd5 27. f5 Qh4 28.
fxg6 fxg6 29. f3 Bxg3 30. hxg3 Qxg3 31. f4 b5 32. Qf2 Qg4 33. Rd2 Re7 34. Qe2
Qg3 35. Qf2 Qg4 36. Qe2 Qf5 37. Qe1 Rg7 38. Qg3 g5 39. Bh3 g4 40. Bg2 b4 41.
Bf1 Rc6 42. Rdc2 Rh6 43. Kf2 a5 44. Ke1 Qh5 45. Rg2 Qe8 46. Rh2 Rxh2 47. Qxh2
g3 48. Qh3 Qc6 49. Rc2 c3 50. bxc3 bxc3 51. Qf5 Bxa2 52. Qxa5 Bf7 53. Rxc3 Qb7
54. Qd8+ Kh7 55. Qh4+ Kg8 56. Qd8+ Kh7 57. Qh4+ 1/2-1/2

[Event "XtraCon-Skakligaen"]
[Site "Denmark"]
[Date "2011.03.13"]
[Round "9.7"]
[White "Helledie, Anders"]
[Black "Ejsing, Esben"]
[Result "1-0"]
[WhiteElo "2220"]
[BlackElo "2118"]
[PlyCount "103"]
[EventDate "2010.11.06"]
[EventType "team-tourn"]
[EventRounds "9"]
[WhiteTeam "Jetsmark"]
[BlackTeam "Nordkalotten"]
[WhiteTeamCountry "DEN"]
[BlackTeamCountry "DEN"]

1. e4 d6 2. d4 g6 3. Nc3 Bg7 4. f4 Nd7 5. Nf3 a6 6. Bd3 b5 7. e5 Bb7 8. Be4 Qc8
9. Qe2 Nh6 10. h3 O-O 11. g4 c5 12. dxc5 Nxc5 13. Bxb7 Qxb7 14. Be3 b4 15. Bxc5
bxc3 16. Bd4 cxb2 17. Rb1 dxe5 18. fxe5 f6 19. e6 f5 20. Rxb2 Qc6 21. Rb6 Qd5
22. Bxg7 Kxg7 23. Qe5+ Qxe5+ 24. Nxe5 fxg4 25. Nxg4 Rab8 26. Rxb8 Rxb8 27. Kd2
Nxg4 28. hxg4 Rb6 29. Kd3 Rxe6 30. c4 Rc6 31. Kd4 h6 32. c5 e6 33. Rb1 Kf6 34.
Rb6 Rc8 35. Rxa6 h5 36. gxh5 gxh5 37. c6 h4 38. Kc5 h3 39. Rb6 h2 40. Rb1 Ra8
41. c7 Rxa2 42. Rc1 h1=Q 43. Rxh1 Rc2+ 44. Kd6 Rd2+ 45. Kc6 Rc2+ 46. Kd7 Rd2+
47. Kc8 Rc2 48. Rh8 e5 49. Kd7 Rd2+ 50. Kc6 Rc2+ 51. Kb6 Rb2+ 52. Ka5 1-0

[Event "XtraCon-Skakligaen"]
[Site "Denmark"]
[Date "2011.03.13"]
[Round "9.8"]
[White "Koch, Soren Andreas"]
[Black "Rathlev, Jakob"]
[Result "0-1"]
[WhiteElo "2178"]
[BlackElo "2258"]
[PlyCount "156"]
[EventDate "2010.11.06"]
[EventType "team-tourn"]
[EventRounds "9"]
[WhiteTeam "Nordkalotten"]
[BlackTeam "Jetsmark"]
[WhiteTeamCountry "DEN"]
[BlackTeamCountry "DEN"]

1. d4 e6 2. Nf3 f5 3. g3 Nf6 4. Bg2 d5 5. O-O Bd6 6. b3 Qe7 7. Bb2 O-O 8. c4 c6
9. Qc1 b5 10. Ba3 b4 11. Bb2 Bb7 12. a3 Na6 13. c5 Bc7 14. Qe1 bxa3 15. Nxa3
Nb8 16. b4 Ba6 17. Ne5 Bxe5 18. dxe5 Ng4 19. h3 Nh6 20. f4 Bb5 21. Bd4 Qb7 22.
Qd2 Na6 23. Rfb1 Nc7 24. Kf2 Kh8 25. Bf3 Ng8 26. Be3 Ne7 27. Nc2 Qc8 28. Nd4
Bc4 29. Ra5 Nb5 30. Rba1 Nxd4 31. Bxd4 Qb7 32. e3 Rfb8 33. Bc3 Qc7 34. h4 Qb7
35. h5 Bb5 36. Rg1 Ng8 37. g4 Nh6 38. Raa1 Qe7 39. g5 Ng8 40. Qd4 Rd8 41. Bd1
Qb7 42. Bc2 Ne7 43. Rh1 Ba6 44. Ra5 Bb5 45. Bb3 Rd7 46. Kf3 Rdd8 47. Rh2 Rd7
48. Ra1 Rdd8 49. Be1 Rd7 50. Bh4 Bc4 51. Bxc4 dxc4 52. Qxc4 Nd5 53. Be1 Nc7 54.
Rha2 a6 55. Ra3 Rd5 56. Bc3 h6 57. g6 Kg8 58. R3a2 Qc8 59. Be1 Qd8 60. Rxa6
Nxa6 61. Rxa6 Qc8 62. Rxa8 Qxa8 63. Bc3 Qa4 64. Bd4 Kf8 65. Ke2 Ke7 66. Kd2 Rd7
67. Kc3 Rb7 68. Qb3 Qa1+ 69. Kd3 Qf1+ 70. Kc3 Ra7 71. b5 Qa1+ 72. Kb4 Qa5+ 73.
Kc4 cxb5+ 74. Qxb5 Qa2+ 75. Kd3 Ra3+ 76. Bc3 Qd5+ 77. Kc2 Qg2+ 78. Kd1 Rxc3 0-1

[Event "XtraCon-Skakligaen"]
[Site "Denmark"]
[Date "2011.03.13"]
[Round "9.1"]
[White "Teplyi, Igor"]
[Black "Aagaard, Jacob"]
[Result "1/2-1/2"]
[WhiteElo "2394"]
[BlackElo "2534"]
[PlyCount "136"]
[EventDate "2010.11.06"]
[EventType "team-tourn"]
[EventRounds "9"]
[WhiteTeam "Nordre"]
[BlackTeam "Sydostfyn"]
[WhiteTeamCountry "DEN"]
[BlackTeamCountry "DEN"]

1. d4 d5 2. c4 e6 3. Nf3 c5 4. cxd5 exd5 5. g3 Nf6 6. Bg2 Nc6 7. O-O Be7 8. Nc3
O-O 9. Bg5 c4 10. Ne5 Be6 11. Re1 h6 12. Bxf6 Bxf6 13. e4 dxe4 14. Nxe4 Bxe5
15. dxe5 Nxe5 16. Qxd8 Raxd8 17. Nc5 Nd3 18. Rxe6 Nxc5 19. Re7 Rd2 20. Rc7 b6
21. Bf1 Nd3 22. Rxc4 Nxf2 23. Re1 Nd3 24. Bxd3 Rxd3 25. Rc7 a5 26. Re2 Rd6 27.
Rf2 g5 28. Rb7 f6 29. Rf5 Rc8 30. Rf2 Rcd8 31. Kg2 Rf8 32. Rf5 Rf7 33. Rxf7
Kxf7 34. Rb5 Kg6 35. Kf3 Re6 36. h3 f5 37. a4 h5 38. b3 g4+ 39. hxg4 hxg4+ 40.
Kf2 Kg5 41. b4 axb4 42. Rxb4 Rc6 43. Rb5 Rc2+ 44. Kf1 Rc3 45. Kf2 Rc2+ 46. Kf1
Rc4 47. Rxb6 Rxa4 48. Kf2 Ra2+ 49. Kf1 Ra5 50. Kf2 Kh5 51. Rc6 Kg5 52. Rb6 f4
53. gxf4+ Kxf4 54. Rb4+ Kg5 55. Rb3 Kh4 56. Kg2 Ra2+ 57. Kg1 Kg5 58. Rc3 Ra4
59. Rb3 Kh4 60. Rc3 Rf4 61. Rb3 Rf3 62. Rxf3 gxf3 63. Kf2 Kg4 64. Kf1 Kg5 65.
Kf2 Kf4 66. Kf1 Ke3 67. Ke1 f2+ 68. Kf1 Kf3 1/2-1/2

[Event "XtraCon-Skakligaen"]
[Site "Denmark"]
[Date "2011.03.13"]
[Round "9.2"]
[White "Schandorff, Lars"]
[Black "Veng, Johny"]
[Result "1-0"]
[WhiteElo "2488"]
[BlackElo "2297"]
[PlyCount "101"]
[EventDate "2010.11.06"]
[EventType "team-tourn"]
[EventRounds "9"]
[WhiteTeam "Sydostfyn"]
[BlackTeam "Nordre"]
[WhiteTeamCountry "DEN"]
[BlackTeamCountry "DEN"]

1. d4 Nf6 2. c4 c5 3. d5 e6 4. Nc3 exd5 5. cxd5 d6 6. e4 g6 7. h3 Bg7 8. Nf3
O-O 9. Bd3 b5 10. a3 a6 11. O-O Nbd7 12. Bf4 Ne8 13. Qd2 Qe7 14. Rac1 Ne5 15.
Nxe5 Bxe5 16. Bg5 Bf6 17. Bh6 Bg7 18. Bxg7 Nxg7 19. Rfe1 Nh5 20. Bf1 Nf6 21. b4
Nd7 22. f4 Bb7 23. bxc5 Nxc5 24. Rb1 Qc7 25. Qd4 Rac8 26. Re3 Nd7 27. a4 Qc5
28. Qxc5 Nxc5 29. axb5 axb5 30. Bxb5 Rb8 31. e5 Bc8 32. exd6 Bf5 33. Rc1 h5 34.
Be2 Rbd8 35. Nb5 Nb7 36. Rc6 Bd7 37. Rc7 Bxb5 38. Bxb5 Nxd6 39. Bd7 h4 40. Re5
Kg7 41. Kf2 Rh8 42. Kf3 Rb8 43. Rc6 Rb3+ 44. Re3 Rxe3+ 45. Kxe3 Nb7 46. Kd4 Rd8
47. Rc7 Nd6 48. Ke5 Ne8 49. Ra7 Nf6 50. Be6 Rf8 51. d6 1-0